Improving and Using Communication Skill: A Guide for Mastering University Assignments (Record no. 2891)

MARC details
005 - DATE AND TIME OF LATEST TRANSACTION
control field 20250530130557.0
020 ## - INTERNATIONAL STANDARD BOOK NUMBER
International Standard Book Number 973-9987-03-036-3
082 ## - DEWEY DECIMAL CLASSIFICATION NUMBER
Classification number 651.7 MAC
100 ## - MAIN ENTRY--PERSONAL NAME
Author name MACHUMU, H. J.
245 ## - TITLE STATEMENT
Title Improving and Using Communication Skill: A Guide for Mastering University Assignments
260 ## - PUBLICATION, DISTRIBUTION, ETC.
Place of publication, distribution, etc. Dar es Salaam,
Name of publisher, distributor, etc. Karljamer print Technology,
Date of publication, distribution, etc. 2012.
300 ## - PHYSICAL DESCRIPTION
Extent x, 206p.: Ill.;figures
Dimensions 22cm.
700 ## - ADDED ENTRY--PERSONAL NAME
Other authors/Editors MSABILA, D. T.
942 ## - ADDED ENTRY ELEMENTS (KOHA)
Source of classification or shelving scheme Dewey Decimal Classification
Koha item type Books
Holdings
Date last seen Total checkouts Full call number Barcode Cost, replacement price Price effective from Koha item type Lost status Source of classification or shelving scheme Damaged status Not for loan Withdrawn status Home library Current library Shelving location Date acquired Cost, normal purchase price
05/30/2025   651.7 MAC 00000010477 30000.00 05/30/2025 Books   Dewey Decimal Classification       College of Business Education Main Library College of Business Education Main Library Special Reserve Collection 06/20/2010 10000.00
05/30/2025   651.7 MAC 00000010478 30000.00 05/30/2025 Books   Dewey Decimal Classification       College of Business Education Main Library College of Business Education Main Library Special Reserve Collection 06/20/2010 10000.00